|
|
|
|
| LEADER |
00000cam a2200000 4500 |
| 001 |
vtls012266567 |
| 003 |
SK-MaSNL |
| 005 |
20260302010156.0 |
| 008 |
241106s2020 xo a g fp 000 0 slo |
| 015 |
|
|
|a SNBA2025/02
|
| 020 |
|
|
|a 9788089870226
|q (brožované)
|
| 040 |
|
|
|a SNK
|b slo
|c SNK
|e rda
|
| 041 |
0 |
|
|a slo
|
| 044 |
|
|
|a xo
|c SK
|
| 072 |
|
7 |
|a 37
|x Výchova a vzdelávanie
|2 konspekt
|
| 072 |
|
7 |
|a 33
|x Ekonómia
|2 konspekt
|
| 080 |
|
|
|a 33
|2 2001
|
| 080 |
|
|
|a 379.82/.84
|2 2001
|
| 080 |
|
|
|a (076.1)
|2 2011
|
| 080 |
|
|
|a (035)
|2 2011
|
| 100 |
1 |
|
|a Balátová, Gréta
|4 aut
|9 319703
|
| 245 |
1 |
0 |
|a JA Aplikovaná ekonómia
|b príručka pre učiteľov a študentov
|n Študentská firma
|c autorský kolektív: Gréta Balátová, Mária Hauliková, Marta Hricová
|
| 246 |
3 |
0 |
|a Študentská firma
|
| 250 |
|
|
|a Šieste vydanie
|
| 264 |
|
1 |
|a [Bratislava]
|b Junior Achievement Slovensko
|c 2020
|
| 300 |
|
|
|a 79 strán
|b grafy, tabuľky
|c 30 cm
|
| 336 |
|
|
|a text
|b txt
|2 rdacontent
|
| 336 |
|
|
|a statický obraz
|b sti
|2 rdacontent
|
| 337 |
|
|
|a bez média
|b n
|2 rdamedia
|
| 338 |
|
|
|a zväzok
|b nc
|2 rdacarrier
|
| 500 |
|
|
|a Názov z obálky
|
| 500 |
|
|
|a Miesto vydania podľa NA ISBN
|
| 500 |
|
|
|a Hrebeňová väzba
|
| 650 |
0 |
7 |
|a ekonómia
|2 SNKPH
|9 788
|
| 650 |
0 |
7 |
|a vzdelávacie programy
|2 SNKPH
|9 4069
|
| 650 |
0 |
7 |
|a Economics
|2 SNKPHeng
|9 265310
|
| 650 |
0 |
7 |
|a Educational programs
|2 SNKPHeng
|9 314422
|
| 650 |
0 |
7 |
|a aplikovaná ekonómia
|2 SNKPH
|9 70949
|
| 650 |
0 |
7 |
|a Applied economics
|2 SNKPHeng
|9 319712
|
| 655 |
|
7 |
|a príručky
|2 SNKPH
|9 74364
|
| 655 |
|
7 |
|a Handbooks, manuals, etc.
|2 SNKPHeng
|9 90964
|
| 700 |
1 |
|
|a Hauliková, Mária
|4 aut
|9 319706
|
| 700 |
1 |
|
|a Hricová, Marta,
|d 1955-
|4 aut
|9 49145
|
| 852 |
|
|
|a Slovenská národná knižnica
|
| 919 |
|
|
|a 978-80-89870-22-6
|
| 954 |
|
|
|a odborná, vedecká literatúra pôvodná (slovenská)
|2 lita
|
| 999 |
|
|
|c 1002221
|d 1004151
|
| 952 |
|
|
|a SNK
|b SNK
|y PREZ
|7 0
|p 17A1562000
|o snkSB 100927
|i snk2024/16994
|8 0
|0 0
|1 0
|4 0
|d 2024-11-06
|l 0
|r 2025-05-19 00:00:00
|w 2026-02-24
|
| 952 |
|
|
|a SNK
|b SNK
|y PREZ
|7 0
|p 17A1562001
|o snkSB 100927 D1
|i snk2024/16995
|8 0
|0 0
|1 0
|4 0
|d 2024-11-06
|l 0
|r 2026-02-24 12:24:31
|w 2026-02-24
|